Länder mit grüner Flagge - Statistiken

Allgemein
  • Dieses Quiz wurde 104 mal gespielt
    9 seit der letzten Aktualisierung
  • Das Durchschnittsergebnis liegt bei 10 aus 19
Answers on the Grid
Answers color-coded by a green-red scale on the quiz's grid according to % correct below.
Brasilien
Nigeria
Niger
Rumänien
Bulgarien
Kap Verde
Mexiko
Guyana
Vereinigtes Königreich
Spanien
Irland
Portugal
Südafrika
Antigua und Barbuda
Andorra
Burundi
Dominikanische Republik
Dschibuti
Elfenbeinküste
Fidschi
Ghana
Kasachstan
Kambodscha
Kolumbien
Mosambik
Malawi
Philippinen
Paraguay
Tschad
Zentralafrikanische Republik
 
Antwortstatistiken
Antwort % Korrekt
Brasilien
100%
Bulgarien
83%
Mexiko
83%
Elfenbeinküste
67%
Irland
67%
Nigeria
67%
Portugal
67%
Südafrika
67%
Dschibuti
50%
Ghana
50%
Guyana
50%
Mosambik
50%
Niger
50%
Zentralafrikanische Republik
50%
Burundi
33%
Dominikanische Republik
33%
Malawi
33%
Fidschi
0%
Paraguay
0%
Keine übereinstimmenden Quizze gefunden
Verteilung der Resultate
Anzahl Personen mit jedem Resultat
Perzentil nach korrekt beantworteten Fragen
Ihre Resultats-Entwicklung
Sie haben dieses Quiz seit der letzten Aktualisierung nicht gespielt